BIM and cost estimating (Record no. 113913)

MARC details
000 -LEADER
fixed length control field 01143cad a22002295a 4500
001 - CONTROL NUMBER
control field L155911
008 - FIXED-LENGTH DATA ELEMENTS--GENERAL INFORMATION
fixed length control field 120420s2007 xxk f 000 0 eng d
035 ## - SYSTEM CONTROL NUMBER
System control number (Sirsi) u155911
041 0# - LANGUAGE CODE
Language code of text/sound track or separate title eng
110 0# - MAIN ENTRY--CORPORATE NAME
Corporate name or jurisdiction name as entry element Autodesk, Inc
245 00 - TITLE STATEMENT
Title BIM and cost estimating
Medium [electronic resource]
260 ## - PUBLICATION, DISTRIBUTION, ETC.
Place of publication, distribution, etc. San Rafael
Name of publisher, distributor, etc. Autodesk
Date of publication, distribution, etc. 2007
520 ## - SUMMARY, ETC.
Summary, etc. A paper exploring how the reliable information held within a building information model can be used to support cost estimating. The paper outlines approaches used to link BIM and costing solutions, and then provides examples of firms who are using Revit software products in conjunction with various cost estimating solutions, offering insight as to how information from BIM is benefiting architects, quantity surveyors and cost estimators, and builders - as well as their clients.
590 ## - LOCAL NOTE (RLIN)
Local note KA
650 ## - SUBJECT ADDED ENTRY--TOPICAL TERM
Topical term or geographic name entry element BUILDING INFORMATION MODELLING
650 24 - SUBJECT ADDED ENTRY--TOPICAL TERM
Topical term or geographic name entry element BIM
9 (RLIN) 6219
651 #4 - SUBJECT ADDED ENTRY--GEOGRAPHIC NAME
Geographic name United States
651 #4 - SUBJECT ADDED ENTRY--GEOGRAPHIC NAME
Geographic name International
690 ## - LOCAL SUBJECT ADDED ENTRY--TOPICAL TERM (OCLC, RLIN)
Topical term or geographic name as entry element BIM
9 (RLIN) 6219
856 40 - ELECTRONIC LOCATION AND ACCESS
Uniform Resource Identifier <a href="https://www.consortech.com/bim2/documents/BIM_cost_estimating_EN.pdf">https://www.consortech.com/bim2/documents/BIM_cost_estimating_EN.pdf</a>
Public note View the paper (PDF) here www.consortech.com
942 ## - ADDED ENTRY ELEMENTS (KOHA)
Suppress in OPAC 0
Holdings
Withdrawn status Lost status Source of classification or shelving scheme Damaged status Not for loan Home library Current library Shelving location Date acquired Total Checkouts Full call number Barcode Date last seen Copy number Price effective from Koha item type
    Dewey Decimal Classification     Virtual Virtual Online 20/04/2012   ONLINE PUBLICATION 155911-2001 06/08/2019 1 06/08/2019 Book